| 000 | 00844nam a22002537a 4500 | ||
|---|---|---|---|
| 999 |
_c6152 _d6152 |
||
| 003 | AR-CdUCM | ||
| 008 | 190313b ||||| |||| 00| 0 spa d | ||
| 040 |
_aMUNICIPALIDAD PROVINCIAL DEL CUSCO _cBIBLIOTECA MUNICIPAL DEL CUSCO |
||
| 082 |
_a869.50 / _bO49 |
||
| 100 |
_aAnonimo _917814 |
||
| 245 | _aOllantay cantos y narraciones Quechuas / | ||
| 260 |
_aLima : _bPatronato del Libro Peruano, |
||
| 300 |
_a122 paginas ; _c17 cm. |
||
| 440 |
_aSegunda serie de autores peruanos _917815 |
||
| 500 | _aDonación familia Nieto | ||
| 505 | _aContenido :Teatro / | ||
| 650 |
_aTeatro histórico peruano _93120 |
||
| 650 |
_aÉpoca Colonial _9645 |
||
| 650 |
_aLiteratura peruana _9169 |
||
| 710 |
_aEmpresas eléctricas asociadas e hidrandina _917816 |
||
| 710 |
_aPatronato del Libro Peruano _91671 |
||
| 942 |
_2ddc _cLIBROS |
||
| 945 | _arjall | ||